000 00874nam a2200253Ia 4500
001 16408
003 GE_BSU
008 181216s||||||||xx |||||||||||||| ||und||
020 _a978-1568025872
040 _cGE_BSU
080 _a321.7
100 _aMorgan, Patrick M
245 _aInternational Security
245 _bProblems and Solutions
260 _aWashington
260 _bCQ Press
260 _c2006
300 _a331p;22cm
541 _h90gel.
653 _aConflict--be it war between states, ethnic violence, civil war, or terrorist activity--endures, despite immense efforts to end it. How do states cope with conflict, minimize future threats, and reduce the risk of insecurity? Morgan outlines a spectrum of solutions states use to manage violent confli
653 _aInternational Security
653 _aკონფლიქტი
942 _cBK
999 _c49484
_d49484